| 000 | 00000nam##2200000za#4500 |
| 001 | 9.566771 |
| 003 | CaOODSP |
| 005 | 20250129103331 |
| 007 | cr ||||||||||| |
| 008 | 150406|2007||||xxc|||||o f|0| 0 eng|d |
| 040 | |aCaOODSP|beng |
| 043 | |an-cn--- |
| 086 | 1 |aEn57-36/2007-2E-PDF |
| 110 | 2 |aMeteorological Service of Canada. |
| 245 | 10|aAtmospheric hazards : |h[electronic resource]|bconsecutive wet and dry days in Atlantic Canada / |c[by] Rebecca Hanson and W. G. Richards. |
| 260 | |aFredericton - Connecticut : |bEnvironment Canada. |cMay, 2007. |
| 300 | |a32p.|bmaps, references, tables |
| 490 | 1 |aScience report series|v2007-02 |
| 590 | |a10-10-Supp|b2010-11-09 |
| 720 | 1 |aHanson, Rebecca |
| 720 | 1 |aRichards, W. G. |
| 830 | #0|aScience report series (Meteorological Service of Canada. Atlantic Region)|v2007-02|w(CaOODSP)9.505618 |
| 856 | 40|ahttp://publications.gc.ca|qPDF|s406 KB|uhttps://publications.gc.ca/collections/collection_2009/ec/En57-36-2007-2E.pdf|y2007-02 |